00249nam a22000977a 4500008004100000082001100041100001900052245004000071260003100111300000900142260430b |||||||| |||| 00| 0 eng d a001380 aGowans, Shanti aHata Yoga for Body, Mind and Spirit aDelhibNew Age Booksc2018 a200p